00646nam a2200229Ia 450000100060000000300090000600800410001504000130005604000130006904100130008210000180009510000290011324500230014224500510016525000110021626000110022726000130023826000490025130000550030065000300035565000310038516270IT-RoPAU130308s9999 xx 000 0 und d aIT-RoPAU cIT-RoPAU aITALIANO aBruno Edoardo gCodice Aut. SPICS: 8742 aCinema di tendenza bTeorie e Prassi del Cinema in Italia 1950-1970 a1a ed. aMILANO bMazzotta c1972 [1° Ed.:1972 - Ed.Ling.Originale:1964] a"6 p. (prefazione: no ; testo: 6 [pagine: 73-78])" aTEORICHE CINEMATOGRAFICHE eCodice materia Spics: 6805